John Nichols /

Bibliographic Details
Main Author: Wild, Peter, 1940-
Format: Book
Language:English
Published: Boise, Idaho : Boise State University, [1986]
Series:Boise State University western writers series ; no. 75.
Subjects:

MARC

Tag First Indicator Second Indicator Subfields
LEADER 00000cam a2200000 a 4500
001 in00000008536
005 20151003070016.0
008 860311s1986 idu b s00010 eng
010 |a  86070654  
020 |a 0884300498 (pbk.) :  |c $2.95 
035 |a (OCoLC)14712741 
035 |9 AAA0930AM 
040 |a DLC  |c DLC  |d PBU  |d OCL  |d TXA  |d UtOrBLW 
043 |a n-us-nm 
050 0 0 |a PS3564.I274  |b Z97 1986 
082 0 |a 813/.54  |2 19 
100 1 |a Wild, Peter,  |d 1940- 
245 1 0 |a John Nichols /  |c by Peter Wild. 
264 1 |a Boise, Idaho :  |b Boise State University,  |c [1986] 
264 4 |c ©1986 
300 |a 52 pages ;  |c 21 cm. 
336 |a text  |b txt  |2 rdacontent 
337 |a unmediated  |b n  |2 rdamedia 
338 |a volume  |b nc  |2 rdacarrier 
490 1 |a Boise State University Western writers series ;  |v no. 75 
504 |a Bibliography: pages 49-52. 
600 1 0 |a Nichols, John Treadwell,  |d 1940-  |x Criticism and interpretation. 
650 0 |a New Mexico in literature. 
651 0 |a West (U.S.) in literature. 
830 0 |a Boise State University western writers series ;  |v no. 75. 
999 |a MARS 
999 f f |s 055647e8-ec37-33a6-b72a-bb89af75c6db  |i 924393be-5405-3dee-83c5-5b0c3011e8e0  |t 0 
952 f f |p ric  |a Texas A&M University  |b Rellis Campus  |c Joint Library Facility  |d Remote Storage  |t 0  |e PS3564.I274 Z97 1986  |h Library of Congress classification  |i unmediated -- volume  |m A14812616034 
998 f f |a PS3564.I274 Z97 1986  |t 0  |l Remote Storage